| 000 | 00473nam a2200145Ia 4500 | ||
|---|---|---|---|
| 005 | 20260328101507.0 | ||
| 008 | 260328s9999||||xx |||||||||||||| ||und|| | ||
| 100 | _aLoreto López, Rosalva | ||
| 245 | 0 |
_aPerfiles habitacionales y condiciones Ambientales : _b Historia Urbana de Latinoamérica (Siglos XVII - XX) / _cRosalva Loreto López |
|
| 250 | _a1a ed. | ||
| 260 | _bBenemérita Universidad Autónoma de Puebla | ||
| 300 | _a390 p. | ||
| 650 | _aURBANISMO | ||
| 942 | _cBK | ||
| 999 |
_c9049 _d9049 |
||